=LDR 00000nam 2200000 4500 =001 INLIS000000000047925 =990 ##$$a 01201713403 =005 20160305120228.0 =990 ##$$a 00093030 =006 =990 ##$$a 01201708725 =007 =990 ##$$a 01201436262 =008 =020 ##$$a 978-979-29-3241 =035 ##$$0010-031600000000038 =082 ##$$a 659.2 =090 ##$$a 659.2 rin m =100 ##$$a Rini Darmastuti =245 ##$$a Media Relations konsep, strategi dan aplikasi =250 ##$$a ed. 1 =260 ##$$a Yogyakarta $b ANDI $c 2012 =300 ##$$a xii, 260 hlm $c 23 cm =850 ##$$a NBPDMAT =990 ##$$a 0001/BPAP-NTB/2016 =990 ##$$a 87258725 =990 ##$$a 01201708725 =990 ##$$a 0001/BPAP-NTB/2016 =990 ##$$a 1340313403 =990 ##$$a 01201713403 =990 ##$$a 0001/BPAP-NTB/2016 =990 ##$$a 01201708725 =990 ##$$a 3626236262 =990 ##$$a 0001/BPAP-NTB/2016 =990 ##$$a 01201708725 =990 ##$$a 01201713403 =990 ##$$a 01201436262 =990 ##$$a 00093030 =990 ##$$a 01201708725 =990 ##$$a 01201713403 =990 ##$$a 01201436262 =990 ##$$a 00093030 =990 ##$$a 01201708725 =990 ##$$a 01201713403 =990 ##$$a 01201436262 =990 ##$$a 00093030 =990 ##$$a 01201708725 =990 ##$$a 01201713403 =990 ##$$a 01201436262 =990 ##$$a 00093030 =990 ##$$a 01201708725 =990 ##$$a 01201713403 =990 ##$$a 01201436262 =990 ##$$a 21303327 =990 ##$$a 00093030 =990 ##$$a 01201708725 =990 ##$$a 01201713403